| 000 | 00751nam a2200229 i 4500 | ||
|---|---|---|---|
| 001 | 118913 | ||
| 003 | ES-MaACL | ||
| 005 | 20250812055101.0 | ||
| 007 | t| | ||
| 008 | 070214s1972 ag r ||||1| spa d | ||
| 100 | 1 |
_aPevsner, Nikolaus. _991583 |
|
| 245 | 1 | 0 |
_aPioneros del diseño moderno _b: de William Morris a Walter Gropius / _cNikolaus Pevsner ; versión de Odilia E. Suárez, Emma Gregores. |
| 250 | _a3ª. ed. | ||
| 260 |
_aBuenos Aires : _bInfinito, _c1972. |
||
| 300 |
_a270 p., 157 lám. ; _c23 cm. |
||
| 650 | 0 | 0 |
_aArte- _yS.XIX _9233576 |
| 650 | 7 |
_aArte- _yS.XX _2 _9141916 |
|
| 700 | 1 |
_aSuárez, Odilia E. _9108578 |
|
| 700 | 1 |
_aGregores, Emma. _959890 |
|
| 852 |
_aES-MaACL _jE-7718 _bR.92123 |
||
| 999 |
_c118913 _d118913 |
||